Spanish Animals Vocabulary Words Quiz - Statistics

General Stats
  • This quiz has been taken 11,828 times
    11,827 since last reset
  • The average score is 14 of 27
Answer Stats
English Español % Correct
cat gato
97%
dog perro
97%
fish pescado
87%
chicken pollo
86%
elephant elefante
79%
horse caballo
78%
lion león
75%
tiger tigre
73%
cow vaca
67%
monkey mono
66%
mouse ratón
61%
bear oso
60%
duck pato
55%
rat rata
47%
rabbit conejo
45%
penguin pingüino
38%
shark tiburón
38%
turkey pavo
37%
giraffe jirafa
34%
bee abeja
32%
fly mosca
31%
rooster gallo
29%
ant hormiga
29%
eagle águila
26%
crocodile cocodrilo
25%
worm gusano
17%
kangaroo canguro
16%
No matching quizzes found
Score Distribution
Percent of People with Each Score
Percentile by Number Answered
Your Score History
You have not taken this quiz since the last reset